Introducción al diseño asistido por ordenador de circuitos electrónicos / (Record no. 55866)

MARC details
000 -LEADER
campo de control de longitud fija 00669nam a2200229 i 4500
001 - NÚMERO DE CONTROL
campo de control 55866
003 - IDENTIFICADOR DE NÚMERO DE CONTROL
campo de control ES-MaACL
005 - FECHA Y HORA DE LA ÚLTIMA TRANSACCIÓN
campo de control 20230906163231.0
007 - CAMPO FIJO DE DESCRIPCIÓN FÍSICA--INFORMACIÓN GENERAL
campo de control de longitud fija t|
008 - DATOS DE LONGITUD FIJA--INFORMACIÓN GENERAL
campo de control de longitud fija 030929s1977 sp ||||1| spa d
100 1# - ENTRADA PRINCIPAL--NOMBRE DE PERSONA
Nombre de persona Díaz, M.
9 (RLIN) 44143
245 10 - MENCIÓN DEL TÍTULO
Título Introducción al diseño asistido por ordenador de circuitos electrónicos /
Mención de responsabilidad, etc. M. Díaz, E. Lora-Tamayo, L. Pun.
250 ## - MENCION DE EDICION
Mención de edición [1ª ed.].
260 ## - PUBLICACIÓN, DISTRIBUCIÓN, ETC.
Lugar de publicación, distribución, etc. [Madrid] :
Nombre del editor, distribuidor, etc. Alhambra,
Fecha de publicación, distribución, etc. [1977]
300 ## - DESCRIPCIÓN FÍSICA
Extensión VIII, 202 p. :
Otras características físicas il. ;
Dimensiones 24 cm.
490 1# - MENCIÓN DE SERIE
Mención de serie Vertix
700 1# - ENTRADA AGREGADA--NOMBRE PERSONAL
Nombre de persona Lora-Tamayo, E.
9 (RLIN) 74058
700 1# - ENTRADA AGREGADA--NOMBRE PERSONAL
Nombre de persona Pun, L.
9 (RLIN) 94403
830 0# - PUNTO DE ACCESO ADICIONAL DE SERIE-TÍTULO UNIFORME
Título uniforme Vertix
9 (RLIN) 180780
852 ## - LOCALIZACIÓN
Ubicación ES-MaACL
Número de control de estantería A-7751
Sublocalización o colección R.96933
Holdings
Estatus retirado Estado de pérdida Estado de daño No para préstamo Biblioteca de origen Biblioteca actual Ubicación en estantería Fecha de adquisición Fuente de adquisición Total de préstamos Signatura topográfica completa Código de barras Visto por última vez Precio de reemplazo Tipo de ítem Koha
        Biblioteca del Ateneo de Madrid Biblioteca del Ateneo de Madrid Sala Pecera Planta 1 17/01/2008     A-7751 1058685 23/02/2023 23/02/2023 Libro impreso